000 00704nam a2200205Ia 4500
003 GCL
008 140319s9999 xx 000 0 ara d
040 _aGCL /
_cGCL
082 0 4 _a910.202
_bر و
100 1 _aرعد العانى
245 1 0 _aالوجيز فى الجغرافيا السياحية وسياحة المخيمات /
_cرعد العانى
250 _aالاولى
260 _aالاردن :
_bمكتبة المجتمع العربى للنشر والتوزيع ،
_c2005
300 _a139 ص ؛
_c24 سم
650 0 4 _aالجغرافيا السياحية
650 0 4 _aالمخيمات
650 0 4 _aالخيام
650 0 4 _aالسياحة الثقافية
942 _2ddc
_cBK
999 _c49700
_d49700